Pokémon - Les attaques de Terraiste - Statistiques

Statistiques générales
  • Ce quiz a été pris 12 fois
  • Le résultat moyen est 10 sur 13
Statistiques - réponses
Niveaux Types Noms des attaques % Correct
Départ Évolution Psy Amnésie
100%
Niveau 48 Sol Séisme
100%
Niveau 30 Poison Cradovague
88%
Départ Poison Dard-Venin
88%
Niveau 24 Poison Direct Toxik
88%
Niveau 36 Insecte Mégacorne
88%
Niveau 40 Poison Toxik
88%
Départ Normal Mimi-Queue
75%
Niveau 8 Sol Tir de Boue
75%
Niveau 4 Poison Pics Toxik
63%
Niveau 12 Poison Queue-Poison
50%
Niveau 16 Normal Souplesse
50%
Niveau 21 Normal Bâillement
38%
Aucun quiz correspondant
Distribution des résultats
% des personnes avec chaque résultat
Percentile par nombre de réponses
Votre historique - résultats
Vous n’avez pas pris ce quiz